Principles of Medical Chemistry (Record no. 3504)

MARC details
000 -LEADER
fixed length control field 00382nam a22001457a 4500
008 - FIXED-LENGTH DATA ELEMENTS--GENERAL INFORMATION
fixed length control field 250514b |||||||| |||| 00| 0 eng d
020 ## - INTERNATIONAL STANDARD BOOK NUMBER
ISBN 9781788826235
100 ## - MAIN ENTRY--AUTHOR
Author Bond, Leonard
245 ## - TITLE STATEMENT
Title Principles of Medical Chemistry
260 ## - PUBLICATION, DISTRIBUTION, ETC. (IMPRINT)
Place of publication United Kingdom
Name of publisher ED-Tech Press
Date of publication 2021
300 ## - COLLATION
Pagination x, 353p.
Other physical details ill.
650 ## - TRACINGS
Main Subject Clinical Pharology
942 ## - ADDED ENTRY ELEMENTS (KOHA)
Item type Books
050 ## - LIBRARY OF CONGRESS CALL NUMBER
Classification number RM301.28
Item number .B66
Holdings
Source of classification or shelving scheme Not for loan Permanent location Current location Date acquired Accession No. Full call number Barcode. Koha item type
Library of Congress Classification   Samuel Ogbemudia Main Library, University of Abuja Samuel Ogbemudia Main Library, University of Abuja 05/14/2025 2023/61914 RM301.28.B66 2025-1974 Books